| 000 | 00434nam a2200205Ia 4500 | ||
|---|---|---|---|
| 008 | 210210b xxu||||| |||| 00| 0 eng d | ||
| 041 | _aeng | ||
| 082 | _a881/44 | ||
| 100 | _aKALIDASA | ||
| 245 | _aMeghasandesa by shAstri ar es vi | ||
| 260 |
_aMadras _b- _c |
||
| 650 | _avi | ||
| 650 | _ashAstri | ||
| 650 | _aMeghasandesa | ||
| 650 | _aes | ||
| 650 | _aby | ||
| 650 | _aar | ||
| 690 | _aSanskrit Poetry | ||
| 906 | _a024216 | ||
| 999 |
_c149563 _d149563 |
||